Die königlichen Frauen im antiken Reich von Kusch : 25. Dynastie bis zur Zeit des Nastasen /
محفوظ في:
المؤلف الرئيسي:
التنسيق: كتاب
اللغة: German
منشور في:
Wiesbaden :
Harrassowitz,
2001.
سلاسل:
Meroitica ;
19.
الموضوعات:
الوسوم: إضافة وسم
لا توجد وسوم, كن أول من يضع وسما على هذه التسجيلة!
رقم الطلب: DT159.6 .M44 v.19
| LEADER | 01048nam a22003137a 4500 | ||
|---|---|---|---|
| 003 | OSt | ||
| 005 | 20260419103303.0 | ||
| 008 | 260419t2001 gw ab g b 001 0 ger d | ||
| 010 | |a 2001466793 | ||
| 020 | |a 3447044071 | ||
| 040 | |c ARCE Library | ||
| 041 | 0 | |a ger |b eng | |
| 043 | |a f-sj--- | ||
| 050 | 1 | 4 | |a DT159.6 |b .M44 v.19 |
| 100 | 1 | |a Lohwasser, Angelika, |e author |9 34876 | |
| 245 | 1 | 4 | |a Die königlichen Frauen im antiken Reich von Kusch : |b 25. Dynastie bis zur Zeit des Nastasen / |c Angelika Lohwasser. |
| 264 | 1 | |a Wiesbaden : |b Harrassowitz, |c 2001. | |
| 300 | |a xxiv, 407 pages : |b illustrations, maps ; |c 25 cm. | ||
| 490 | 1 | |a Meroitica ; |v 19. | |
| 500 | |a Originally presented as the author's thesis (doctoral) -- Universität Wien, 1997/98. | ||
| 546 | |a Summary in English. | ||
| 650 | 0 | |a Princesses |z Nubia. | |
| 650 | 0 | |a Queens |z Nubia |x History |v Sources. | |
| 650 | 0 | |a Women |z Nubia |x History |v Sources. | |
| 651 | 0 | |a Nubia |x Antiquities. | |
| 830 | 0 | |a Meroitica ; |v 19. | |
| 901 | |a reviewed | ||
| 942 | |c BK |2 lcc | ||
| 999 | |c 22998 |d 22998 | ||
